| 000 | 01161cam a2200229 4500 | ||
|---|---|---|---|
| 001 | ABS66774 | ||
| 008 | 030612n2003 000 0 eng u | ||
| 035 | _a(Sirsi) u122585 | ||
| 100 | _aWatt, D. | ||
| 245 | _aForensic conservation | ||
| 260 | _c2003 | ||
| 490 |
_aContext _v(79) May 2003, 22-24(3) |
||
| 520 | _aLooks at how a more integrated and scientific approach to investigating and understanding historic buildings and their increasingly complex problems, can add value to professional work. Defines 'forensic conservation' as 'conservation practised scientifically and to such a standard that the practitioner could appropriately present any aspect of the work as expert testimony or evidence in a court of law' (Martin Weaver, 1995). Presents a schedule of investigative methods, summarised as a non-destructive survey, defect monitoring and material analysis. | ||
| 590 | _aABS | ||
| 650 | _aDEFINITIONS | ||
| 650 | _aHISTORIC BUILDINGS | ||
| 650 | _aFORENSIC CONSERVATION | ||
| 650 | _aEXPERT EVIDENCE | ||
| 690 | _aBUILT ENVIRONMENT-BUILDING MAINTENANCE AND REFURBISHMENT-BUILDING CONSERVATION | ||
| 700 | _aColston, B. | ||
| 942 | _n0 | ||
| 999 |
_c72846 _d72846 |
||